Resizing the Organization: Managing Layoffs, Divestitures, and Closings, (Record no. 5137)
[ view plain ]
| 005 - DATE AND TIME OF LATEST TRANSACTION | |
|---|---|
| control field | 20250625162627.0 |
| 020 ## - INTERNATIONAL STANDARD BOOK NUMBER | |
| International Standard Book Number | 0-7879-5891-3 |
| 082 ## - DEWEY DECIMAL CLASSIFICATION NUMBER | |
| Classification number | 658.16 RES |
| 100 ## - MAIN ENTRY--PERSONAL NAME | |
| Author name | Resizing the Organization: Managing Layoffs, Divestitures and Closings |
| 245 ## - TITLE STATEMENT | |
| Title | Resizing the Organization: Managing Layoffs, Divestitures, and Closings, |
| 260 ## - PUBLICATION, DISTRIBUTION, ETC. | |
| Place of publication, distribution, etc. | New York, |
| Name of publisher, distributor, etc. | USA, |
| Date of publication, distribution, etc. | 2003. |
| 300 ## - PHYSICAL DESCRIPTION | |
| Extent | xxv,; 402p.; figure, |
| Other physical details | Index, |
| Dimensions | 24cm. |
| 700 ## - ADDED ENTRY--PERSONAL NAME | |
| Other authors/Editors | DE MEUSE, P.K, AT ALL. |
| 942 ## - ADDED ENTRY ELEMENTS (KOHA) | |
| Source of classification or shelving scheme | Dewey Decimal Classification |
| Koha item type | Books |
| Date last seen | Total checkouts | Full call number | Barcode | Cost, replacement price | Price effective from | Koha item type | Lost status | Source of classification or shelving scheme | Damaged status | Not for loan | Withdrawn status | Home library | Current library | Shelving location | Date acquired | Cost, normal purchase price |
|---|---|---|---|---|---|---|---|---|---|---|---|---|---|---|---|---|
| 06/25/2025 | 658.16 DeM | DOM0001586 | 105000.00 | 06/25/2025 | Books | Dewey Decimal Classification | CBE Dodoma | CBE Dodoma | General Collection | 06/21/2006 | 35000.00 | |||||
| 06/26/2025 | 658.16 DeM | DOM0001508 | 105000.00 | 06/26/2025 | Books | Dewey Decimal Classification | CBE Dodoma | CBE Dodoma | General Collection | 06/21/2006 | 35000.00 | |||||
| 06/26/2025 | 658.16 DeM | DOM0001509 | 105000.00 | 06/26/2025 | Books | Dewey Decimal Classification | CBE Dodoma | CBE Dodoma | General Collection | 06/21/2006 | 35000.00 |
